CISSP exam guide / (رقم التسجيلة. 32896)

تفاصيل مارك
000 -الفاتح
حقل البيانات ثابتة الطول 01200cam a2200385 i 4500
001 - رقم الضبط
رقم الضبط 17623177
003 - محدد رقم الضبط
رقم الضبط OSt
005 - وقت وتاريخ اخر تعامل مع التسجيلة
رقم الضبط 20150408114200.0
008 - عناصر البيانات ثابتة الطول - معلومات عامة
حقل البيانات ثابتة الطول 130212t20132013nyua 000 0 eng
010 ## - رقم ضبط مكتبة الكونجرس
رقم ضبط مكتبة الكونجرس 2012044884
020 ## - الرقم الدولى المعيارى للكتب
الرقم الدولى المعيارى للكتاب 9780071781749 (set : alk. paper)
020 ## - الرقم الدولى المعيارى للكتب
الرقم الدولى المعيارى للكتاب 0071781749 (set : alk. paper)
020 ## - الرقم الدولى المعيارى للكتب
الرقم الدولى المعيارى للكتاب 9780071781718 (p/n book)
020 ## - الرقم الدولى المعيارى للكتب
الرقم الدولى المعيارى للكتاب 0071781174 (p/n book)
020 ## - الرقم الدولى المعيارى للكتب
الرقم الدولى المعيارى للكتاب 9780071781725 (p/n CD)
020 ## - الرقم الدولى المعيارى للكتب
الرقم الدولى المعيارى للكتاب 007178722 (p/n CD)
040 ## - مصدر الفهرسة
وكالة الفهرسة الأصلية DLC
لغة الفهرسة eng
وكالة النسخ DLC
قواعد الوصف rda
وكالة التعديل DLC
042 ## - رمز التحقق
رمز التحقق pcc
050 00 - رقم طلب مكتبة الكونجرس
رقم التصنيف TK5105.5
رقم المادة .H368 2013
082 00 - رقم تصنيف ديوى العشرى
رقم التصنيف 005.8
رقم الطبعة 23
رقم المادة HSC
100 1# - المدخل الرئيسى - إسم شخصى
الإسم الشخصى Harris, Shon.
245 10 - بيان العنوان
العنوان CISSP exam guide /
بيان المسئوليه,etc Shon Harris.
246 3# - العنوان الموازى
عنوان صحيح/عنوان مختصر CISSP all-in-one exam guide
250 ## - بيان الطبعة
بيان الطبعة Sixth edition.
300 ## - الوصف المادى
التعداد xxiii, 1430 pages :
تفاصيل ماديه اخرى للوعاء illustrations ;
أبعاد الوعاء 24 cm
300 ## - الوصف المادى
التعداد 1 CD-ROM (4 3/4 in.).
490 0# - بيان السلسلة
عنوان السلسلة All-in-one
500 ## - تبصرة عامة
تبصرة عامة Previous ed.: 2010.
500 ## - تبصرة عامة
تبصرة عامة Includes index.
650 #0 - المدخل الاضافى بالموضوع-مصطلح موضوعى
مصطلح موضوعي أو اسم جغرافي كعنصر مدخل Computer networks
التقسيم الفرعي العام Examinations
التقسيم الفرعي الشكلي Study guides.
650 #0 - المدخل الاضافى بالموضوع-مصطلح موضوعى
مصطلح موضوعي أو اسم جغرافي كعنصر مدخل Electronic data processing personnel
التقسيم الفرعي العام Certification.
906 ## - عنصر بيانات محلى F, LDF (RLIN)
a 7
b cbc
c orignew
d 1
e ecip
f 20
g y-gencatlg
942 ## - عناصر المدخل الإضافي( كوها)
مصدر التصنيف او مخطط الترفيف Dewey Decimal Classification
Koha [default] item type كتاب
المقتنيات
حالة الفقد نموذج السعر الفعال حالة تلف ليس للاعارة رقم الطلب تاريخ الاكتساب الموقع الحالي الفرع الرئيسي Date last seen نوع المادة فى نظام كوها مصدر التصنيف او خطة الترفيف Total Checkouts
  2014-01-06     005.8 HSC 2014-01-06 المكتبة المركزية بالمجمعة (CL) المكتبة المركزية بالمجمعة (CL) 2014-01-06 كتاب Dewey Decimal Classification